000 01694nam0a2200361 4500
001 RU\NLR\BIBL_A\011848006
005 20200731083439.0
021 _aRU
_bКН-П-18-072473
_9КН-П-18-5230
035 _a(NLR Aleph) 011848006
035 _a(RuMoRGB)009756380
090 _a12086639
_c12086639
100 _a20181026d2018 k y0rusy50 ca
101 0 _arus
_deng
102 _aRU
105 _ay|||z|||000zy
200 1 _aФункции Ферми-Дирака. Свойства функций
_fН.Н. Калиткин, С.А. Колганов
210 _aМосква
_cИПМ им. М.В. Келдыша РАН
_d2018
215 _a24 с.
_cтабл.
_d21
225 1 _aПрепринт
_fИн-т приклад. математики им. М.В. Келдыша Рос. акад. наук
_v№ 174 за 2018 г.
_x2071-2898
225 1 _aПрепринты ИПМ им. М.В. Келдыша
_dKeldysh institute preprints
_fгл. ред.: Б.Н. Четверушкин, акад. РАН
_zeng
300 _aРез. англ.
320 _aБиблиогр.: с. 23-24 (7 назв.)
517 1 _aСвойства функций
606 1 _aКвантовая механика
_xЗадачи
_xРешение
_xМатематические методы
_2nlr_sh1
_2nlr_sh2
_3RU\NLR\AUTH\661424612
610 0 _aфункции Ферми-Дирка
686 1 _aВ314.1
700 1 _aКалиткин
_bН. Н.
_f1935-
_gНиколай Николаевич
701 1 _aКолганов
_bС. А.
_gСемен Андреевич
942 _cBOOK
980 _aNBR
980 _aNB